000 00469ntaaa2200181 4500
003 01
005 20251027201315.0
008 0714s1973 ag 01
040 _aAR-BaBN
_bspa
_cAR-BaBN
_eaacr
_dRIC
082 _a222.1000 C49
245 _aCinco libros de Mo-shé. To-rá.
250 _a1 ed. :
_bS. Sigal,
_cc/961
300 _a2 Ts.
500 _a(t.I - los cinco libros de Moisés)
650 _aAntiguo Testamento-Tora
_911277
650 _aBiblia
_9468
942 _cBK
999 _c7500
_d7500